000 00343nam a22001457a 4500
008 230208b ||||| |||| 00| 0 eng d
020 _a9780716736998
041 _aeng
080 _25TH EDITION
_a51
082 _a51REI
100 _a20
101 _aMATEM
245 _aPRACTICAL PURPOSES MATHEMATICAL LITERACY
_cREICH D
942 _2udc
_cBK
999 _c59340
_d59340